000 00587nam a22002057a 4500
005 20140811114217.0
010 _aENG-110356
020 _a9789350621745
_c395.00
035 _aEN-93888
037 _bDBAD/PUB
082 _a658.827
100 _aVerma, Harsh V.
245 _aBrand management :
_cby Harsh V. Verma
_btext and cases /
250 _a3rd ed
260 _aNew Delhi
_bExcel Books
_c2013(repr.)
270 _aA-45, Naraina, Phase I
_bNew Delhi
_e110028
300 _axii,573p.
_c27cm(pbk)
500 _aIncludes index
942 _2ddc
_cEN
_mVER
_h658.827
999 _c86305
_d86305